000 00385nam a2200169Ia 4500
005 20250423101230.0
008 250422s9999 xx 000 0 und d
020 _a0- 671- 44226- 0
050 _aF 1221 .Y3 C373/
100 _aCastaneda, Carlos
245 4 _aThe eagle's gift
260 _aNew York
260 _bPocket Book
260 _c1981
300 _a314 p
942 _cBK
999 _c35688
_d35688